000 00463 a2200169 4500
000 BKB
001 070990
005 20200902150916.0
008
082 _a336.54
_bD45F
100 1 _aDesai, Vasant
245 1 _aFundamentals of the Indian financial system
_cby Vasant Desai
250 _a7th ed.
260 _aMumbai
_bHimalaya Publishing
_c2010
300 _a544p.
690 _aFinancial Management; India
999 _c4355
_d4355